Ekonomičeskaja enciklopedija političeskaja ekonomija

Salvato in:
Dettagli Bibliografici
Natura: Libro
Lingua:russo
Pubblicazione: Moskva Sovetskaja enciklopedija 1975
Tags: Aggiungi Tag
Nessun Tag, puoi essere il primo ad aggiungerne!!

MARC

LEADER 00000nam a2200000 4500
001 0104126
005 20091012092831.5
041 0 |a rus 
044 |a RU 
245 1 0 |a Ekonomičeskaja enciklopedija  |b političeskaja ekonomija 
264 1 |a Moskva  |b Sovetskaja enciklopedija  |c 1975 
300 |a 560 s.